| 000 | 00516nam a22002057a 4500 | ||
|---|---|---|---|
| 001 | BT-PhCST | ||
| 003 | OSt | ||
| 005 | 20190204170811.0 | ||
| 008 | 141015b xxu||||| |||| 00| 0 eng d | ||
| 020 | _a9780198703099 | ||
| 040 |
_aBT-PhCST _cBT-PhCST _dBT-PhCST |
||
| 050 | _a658.4038 | ||
| 082 |
_222 _a658.4038 |
||
| 100 | _aHislop, Donald. | ||
| 245 | _aLeadership and team building / | ||
| 250 | _a3rd. | ||
| 260 |
_aNA _bOxford University Press, _cc2013. |
||
| 300 |
_axx, 284 p. ; _bill. ; |
||
| 942 |
_2ddc _cMAG |
||
| 999 |
_c5112 _d5112 |
||